Boletin.

Bibliographic Details
Corporate Author: Instituto Español de Oceanografía
Format: Journal
Language:Spanish
Published: Madrid. [publisher not identified] ;
Subjects:
Online Availability: Check for online availability

MARC

Tag First Indicator Second Indicator Subfields
LEADER 00000cas a2200000 4500
001 in00000062791
005 20151008050632.0
008 760224c19489999sp x0p f0uuub0spa
010 |a  51039168  
012 |e n 
022 0 |a 0074-0195 
030 |a BOEA3 
035 |a (OCoLC)02011339 
035 |9 AAG2279AM 
040 |a DLC  |c UDI  |d UDI  |d NSD  |d HUL  |d TXA  |d UtOrBLW 
042 |a nsdp 
049 |a TXAE 
050 0 0 |a SH93  |b .A3 
110 2 |a Instituto Español de Oceanografía. 
210 0 |a Bol. Inst. Esp. Oceanogr. 
222 0 |a Boletin del Instituto Espanol de Oceanografia 
245 1 0 |a Boletin. 
264 1 |a Madrid.  |b [publisher not identified] ; 
300 |a  numbers in volumes :  |b illustrations, maps ;  |c 25 cm.  |a irregular. 
336 |a text  |b txt  |2 rdacontent 
337 |a unmediated  |b n  |2 rdamedia 
338 |a volume  |b nc  |2 rdacarrier 
362 0 |a no. 1- abr. 9, 1948- 
510 0 |a Biological abstracts  |x 0006-3169 
510 0 |a Chemical abstracts  |x 0009-2258 
510 0 |a Selected water resources abstracts  |x 0037-136X 
650 0 |a Fisheries  |z Spain. 
650 0 |a Fishes  |z Spain. 
650 0 |a Oceanography  |x Societies, etc. 
999 |a MARS 
999 f f |s 63bac234-c55f-39f1-8e30-441067aaae39  |i 95b075f8-92a7-3bb9-b8c2-8680843a7375  |t 0 
952 f f |p ric  |a Texas A&M University  |b Rellis Campus  |c Joint Library Facility  |d Remote Storage  |t 0  |e SH93 .A3  |h Library of Congress classification  |i unmediated -- volume  |k no.1-64  |l 1948-1953  |m A14841448604 
998 f f |a SH93 .A3  |s no.1-64 (1948-1953)  |t 0  |l Remote Storage